| 000 | 00679na a2200241 4500 | ||
|---|---|---|---|
| 001 | 17211 | ||
| 003 | MIRAKIL | ||
| 005 | 20181213154803.0 | ||
| 008 | 161023b tu 000 0 | ||
| 020 | _a9753630824 | ||
| 040 |
_aMilas _btur _cTR-AnCHP |
||
| 041 | _atur | ||
| 082 |
_a726.50956 _bK26i 1996 |
||
| 090 | _a726.50956 K26i 1996 | ||
| 100 | _aKaraca, Zafer | ||
| 245 |
_aİstanbul'da Osmanlı dönemi Rum kiliseleri _cZafer Karaca |
||
| 260 |
_aİstanbul _bYapı Kredi yayınları _c1996 |
||
| 300 |
_a360 s. _bfotg. _c21 sm. |
||
| 490 |
_aSanat _v7 |
||
| 650 |
_aKiliseler _xTarih _zTürkiye _zİstanbul |
||
| 651 |
_aİstanbul (Türkiye) _xYapılar |
||
| 942 |
_2dcc _cBKS |
||
| 999 |
_c828 _d828 |
||